Statistics for Bill Clinton Presidential Cabinet

Click here to take the quiz!

General Stats

  • This quiz has been taken 83 times
  • The average score is 13 of 41

Answer Stats

Cabinet PositionCabinet Member% Correct
Vice President (1993-2001)Al Gore
97%
Secretary of State (1997-2001)Madeleine Albright
94%
Attorney General (1993-2001)Janet Reno
64%
Secretary of State (1993-1997)Warren Christopher
61%
Director of the Office of Management and Budget (1993-1994), Chief of Staff (1994-1997)Leon Panetta
50%
Secretary of Housing and Urban Development (1997-2001)Andrew Cuomo
47%
Secretary of Treasury (1993-1994)Lloyd Bentsen
47%
Secretary of Agriculture (1993-1994)Mike Espy
47%
Secretary of Health and Human Services (1993-2001)Donna Shalala
42%
Secretary of Labor (1993-1997)Robert Reich
39%
Secretary of Defense (1993-1994)Les Aspin
33%
Secretary of Treasury (1995-1999)Robert Rubin
33%
Secretary of Defense (1997-2001)William Cohen
33%
Secretary of the Interior (1993-2001)Bruce Babbitt
28%
Chief of Staff (1998-2001)John Podesta
28%
Secretary of Treasury (1999-2001)Lawrence Summers
28%
Secretary of Commerce (2000-2001)Norman Mineta
28%
Secretary of Commerce (1997-2000)William Daley
28%
Secretary of Energy (1998-2001)Bill Richardson
25%
Secretary of Veterans Affairs (1993-1997)Jesse Brown
25%
Director of the Office of National Drug Control Policy (1993-1995)Lee Brown
25%
Secretary of Commerce (1993-1996)Ron Brown
25%
Secretary of Defense (1994-1997)William Perry
25%
Secretary of Housing and Urban Development (1993-1997)Henry Cisneros
22%
Director of the Office of Management and Budget (1998-2001)Jacob Lew
22%
Chief of Staff (1993-1994)Mack McLarty
22%
Secretary of Education (1993-2001)Richard Riley
22%
Secretary of Agriculture (1995-2001)Daniel Glickman
19%
Chief of Staff (1997-1998)Erskine Bowles
19%
Secretary of Transportation (1993-1997), Secretary of Energy (1997-1998)Frederico Peña
19%
United States Trade Representative (1993-1997), Secretary of Commerce (1996-1997)Mickey Kantor
19%
Secretary of Transportation (1997-2001)Rodney Slater
19%
Secretary of Labor (1997-2001)Alexis Herman
17%
Director of the Office of Management and Budget (1994-1996)Alice Rivlin
17%
Director of the Office of National Drug Control Policy (1996-2001)Barry McCaffrey
17%
Administrator of the Environmental Protection Agency (1993-2001)Carol Browner
17%
United States Trade Representative (1997-2001)Charlene Barshefsky
17%
Director of the Office of Management and Budget (1996-1998)Franklin Raines
17%
Secretary of Energy (1993-1997)Hazel O'Leary
17%
Secretary of Veterans Affairs (2000-2001)- actingHershel Gober
17%
Secretary of Veterans Affairs (1998-2000)Togo West
17%

Score Distribution

Percentile by Number Answered

Percent of People with Each Score

Your Score History

You have not taken this quiz